Представление документа в формате RUSMARC

ПолеНазваниеЗначение
  Тип записи i
  Библиографический уровень m
001 Контрольный номер RU/IS/BASE/539700889
005 Дата корректировки 20201206205038.4
010 Индекс ISBN __
a ISBN (в кор.)
d Цена 181-48
100 Данные общей обработки __
a Данные общей обработки 19170206d20101947||| 0rusy0189 ca
101 Язык документа 0_
a Язык текста rus
102 Страна публикации __
a Страна публикации ru|
105 Кодированные данные (монография) __
a Кодированные данные (монография) |||||||||f|zy
127 Кодированные данные (звукозаписи-физические характеристики) __
a Продолжительность проигрывания 1 ч 26 мин
200 Заглавие и сведения об ответственности 1_
a Заглавие Пятнадцатилетний капитан
e Сведения, относящиеся к заглавию радиоспектакль : [12+]
f Первые сведения об ответственности Жюль Верн ; [в ролях: Валентина Сперантова и др.]
b Общее обозначение материала Звукозапись
210 Выходные данные __
a Место издания Москва
c Издательство АРДИС
d Дата издания 2010
215 Физическое описание __
a Объем 1 электрон. опт. диск (Audio CD)
c Иллюстрации/тип воспроизводства mp3, stereo
d Формат 12х14 см
225 Серия __
a Серия Театр у микрофона
230 Специфическая характеристика материала: электронные ресурсы __
a Обозначение и объем ресурса Электронные звуковые данные
300 Общие примечания __
a Общие примечания Запись 1947 год
300 Общие примечания __
a Общие примечания Заглавие с этикетки диска
323 Примечание о главных создателях, исполнителях, участниках __
a Примечание о главных создателях, исполнителях, участниках Сперантова, В. (читает)
323 Примечание о главных создателях, исполнителях, участниках __
a Примечание о главных создателях, исполнителях, участниках Пыжова, О. (читает)
330 Аннотация __
a Аннотация Китобойное судно "Пилигрим" постигает несчастье: во время охоты шлюпку с капитаном уносит в открытое море. Командование шхуной принимает пятнадцатилетний юнга Дик Сенд. Из-за предательства судового кока, закоренелого преступника и работорговца Негоро корабль, направляющийся в Южную Америку, приплывает к берегам Анголы. Храбрых и благородных героев ждут захватывающие приключения в открытом море и в дебрях тропической Африки.
333 Примечание о целевом назначении __
a Примечание о целевом назначении 12+. Для детей старше 12 лет
337 Примечание о системных требованиях (электронные ресурсы) __
a Примечание о системных требованиях (электронные ресурсы) Системные требования: CD-плеер с поддержкой MP3 или Pentium-233 с Windows 9x-XP ; CD-ROM ; звуковая карта
606 Тематические рубрики __
a Основная рубрика Музыка и зрелищные искусства
606 Тематические рубрики __
a Основная рубрика Художественное радиовещание
606 Тематические рубрики __
a Основная рубрика Художественная литература
606 Тематические рубрики __
a Основная рубрика Литература Европы (произведения)
y Географическая подрубрика Франция
610 Ключевые слова __
a Ключевые слова зарубежная литература
a Ключевые слова иностранная литература
a Ключевые слова приключенческие романы
a Ключевые слова радиоспектакли
a Ключевые слова романы
a Ключевые слова тема борьбы
a Ключевые слова тема мужества
a Ключевые слова тема отваги
a Ключевые слова тема приключений
a Ключевые слова тема путешествий
a Ключевые слова французская литература
686 Индексы других классификаций __
2 Код системы rubbks
a Классификационный индекс 85.381.3(2)-7я04
686 Индексы других классификаций __
2 Код системы rubbks
a Классификационный индекс 84(4Фра)52-4я04; ст85.38я0 + ст84(4Фра)-4я0
700 Автор _1
a Фамилия Верн
b Имя Ж.
f Даты 1828-1905
g Полное личное имя Жюль
4 Код отношения 070
801 Источник записи _0
a Страна ru
b Организация Муниципальное бюджетное учреждение культуры "Централизованная библиотечная система" г. Сургут (Центральная городская библиотека им. А. С. Пушкина)
c Дата составления 20170206
g Правила каталогизации КиК/Лукашук
801 Источник записи _1
a Страна ru
b Организация Муниципальное бюджетное учреждение культуры "Централизованная библиотечная система" г. Сургут (Центральная городская библиотека им. А. С. Пушкина)
c Дата составления 20170206
g Правила каталогизации КиК/Лукашук
852 Данные о местонахождении __
j Шифр хранения 85.381.3(2)-7я04
i Авторский знак В 35
901 Тип документа __
t Тип документа 0
903 Характеристики (МАРС) __
a Дата передачи 20170206
969 Тип издания __
a Тип издания аудиоспектакль; аудиокнига; издание для слепых
990 Данные о заказе (DOS) __
j Количество экземпляров (DOS) 3
t N записи в КСУ для И/У (DOS) 201702